Evaluación inicial de riesgos laborales por puestos de trabajo en la Universidad Adventista de Nicaragua UNADENIC localizada en la ciudad de Managua

El estudio presenta una propuesta inicial de riesgos laborales por puestos de trabajo dentro de las instalaciones de la universidad, en donde se analizará los factores de riesgo, causas y medidas preventivas necesarias; lo que beneficiará a los empleados y a la institución. A la vez se estará cu...

Full description

Bibliographic Details
Main Authors: Bermúdez Jaime, Jessica del Carmen, Castro Benavente, Cinthya Azucena, Morales Flores, Elizabeth Esther
Other Authors: Tutor: Chavarría Valverde, Luis Alberto
Format: Tesis Section = Libro
Language:Undetermined
Spanish
Published: Managua UNI 2021
Subjects:
LEADER 01658nam a2200289Ia 4500
008 240830s9999 xx 000 0 und d
040 |a BIBLIOTECA-RUPAP/ Mon 363.11 B516 
041 |a spa 
082 |a Mon 363.11 B516 
100 1 |a Bermúdez Jaime, Jessica del Carmen 
100 1 |b Castro Benavente, Cinthya Azucena 
100 1 |c Morales Flores, Elizabeth Esther 
245 1 0 |a Evaluación inicial de riesgos laborales por puestos de trabajo en la Universidad Adventista de Nicaragua UNADENIC localizada en la ciudad de Managua 
260 |a Managua  |b UNI  |c 2021 
300 |a 169 p. :il. 
500 |a Contiene: anexos y CD. 
502 |a Tesis (Ingeniero Industrial) - UNI, 2021. 
520 3 |a El estudio presenta una propuesta inicial de riesgos laborales por puestos de trabajo dentro de las instalaciones de la universidad, en donde se analizará los factores de riesgo, causas y medidas preventivas necesarias; lo que beneficiará a los empleados y a la institución. A la vez se estará cumpliendo con las normativas establecidas por el INSS y el MITRAB. Dicha evaluación mejorara el ambiente de trabajo, lo que originara una disminución en los accidentes y enfermedades profesionales, además de reducir las pérdidas materiales y económicas; todo esto contribuye positivamente el desarrollo de la productividad de la institución. 
650 7 |a EVALUACION DE RIESGOS-NICARAGUA 
650 7 |b  SEGURIDAD INDUSTRIAL 
650 7 |c  ACCIDENTES DE TRABAJO 
650 7 |d  SALUD OCUPACIONAL 
650 7 |e  AMBIENTE DE TRABAJO 
700 1 |a Tutor:  |b Chavarría Valverde, Luis Alberto 
942 |c BK  |2 ddc 
991 |a TESIS 
999 |c 19110